|
|
|
|
| LEADER |
00000cam a2200000 7i4500 |
| 001 |
0000002171 |
| 005 |
20030318.0 |
| 090 |
0 |
0 |
|a 363.376
|b WOR 2002
|
| 110 |
1 |
0 |
|a WORKSHOP on Prevention and Control of Fire in Peatlands
|k 2002
|j Kuala Lumpur
|
| 245 |
1 |
0 |
|a Proceedings of ... 19th-21st March 2002
|c edited by Faizal Parish ... (et al.)
|
| 260 |
0 |
0 |
|a Kuala Lumpur :
|b Forestry Department Peninsular Malaysia; Global Environment Centre ,
|c 2002
|
| 300 |
|
|
|a v, 101 p. :
|b ill. ;
|c 30 cm.
|
| 500 |
0 |
0 |
|a Includes bibliographies
|
| 650 |
0 |
0 |
|a Fire prevention
|x Congresses
|
| 650 |
0 |
0 |
|a Peatlands
|x Congresses
|
| 700 |
0 |
1 |
|a Faizal Parish
|
| 710 |
1 |
1 |
|a Global Environment Centre
|
| 710 |
1 |
1 |
|a Malaysia ,
|c Jabatan Perhutanan Semenanjung Malaysia
|
| 998 |
|
|
|a JPSM
|
| 999 |
|
|
|a 0000003621
|b Monograph
|c Open Shelf
|e Default branch
|
| 999 |
|
|
|a 0000006837
|b Monograph
|c Open Shelf
|e Default branch
|
| 999 |
|
|
|a 0000006838
|b Monograph
|c Open Shelf
|e Default branch
|